Movies Quiz

Random Movies or Celebrity Quiz
Score 0/20 Timer 07:00
0 Plays Today
% Correct
Audrey Hepburn
92.5%
Salma Hayek
91.5%
Anne Hathaway
90.6%
Linda Hamilton
90.6%
Daryl Hannah
90.3%
Anjelica Huston
88.4%
Elizabeth Hurley
87.7%
Katie Holmes
87%
Jennifer Love Hewitt
85.7%
Kate Hudson
85.5%
% Correct
Helen Hayes
84.1%
Tippi Hedren
83.1%
Helen Hunt
83.1%
Goldie Hawn
80.4%
Rita Hayworth
78.7%
Holly Hunter
75.1%
Katharine Hepburn
72.9%
Jean Harlow
68.8%
Miriam Hopkins
67.1%
Susan Hayward
63.5%
Remove Ads.
Support Sporcle.
Get the best of Sporcle when you Go Orange. This ad-free experience offers more features, more stats, and more fun while also helping to support Sporcle. Thank you for becoming a member.

You're not logged in!

Compare scores with friends on all Sporcle quizzes.
OR
Log In

Show Comments

Extras

Top Quizzes Today


Score Distribution

Your Account Isn't Verified!

In order to create a playlist on Sporcle, you need to verify the email address you used during registration. Go to your Sporcle Settings to finish the process.

Report this User

Report this user for behavior that violates our Community Guidelines.

Details: